000
002930000a22000970004500
100
1
_a
Anderson, Terry L.
245
1
0
_a
Property rights among native Americans : Correcting some misunderstandings
300
_a
Vol. 47, Num. 2 (Febrero, 1997), Páginas 71-73
773
0
_t
The Freeman
942
_c
ANA
999
_c
56640
_d
56640